Score 0/17 Timer 05:00
0 Plays Today
% Correct
California
94.2%
Florida
86%
New York
84.3%
Texas
80.2%
Illinois
72.7%
Wyoming
71.1%
Delaware
69.4%
Rhode Island
66.1%
Vermont
64.5%
% Correct
North Dakota
62%
Maine
59.5%
Washington
57%
West Virginia
52.9%
New Mexico
47.1%
South Carolina
43.8%
Arkansas
41.3%
Colorado
38.8%
Remove Ads.
Support Sporcle.
Get the best of Sporcle when you Go Orange. This ad-free experience offers more features, more stats, and more fun while also helping to support Sporcle. Thank you for becoming a member.

You're not logged in!

Compare scores with friends on all Sporcle quizzes.
OR
Log In

Show Comments

Extras

Top Quizzes Today


Score Distribution

Your Account Isn't Verified!

In order to create a playlist on Sporcle, you need to verify the email address you used during registration. Go to your Sporcle Settings to finish the process.

Report this User

Report this user for behavior that violates our Community Guidelines.

Details: